Is the UK different? International comparisons of tenure patterns. (Record no. 96208)

MARC details
000 -LEADER
fixed length control field 00713cam a2200265 4500
008 - FIXED-LENGTH DATA ELEMENTS--GENERAL INFORMATION
fixed length control field 090401t1996 xxu||||| |||| 00| 0 eng d
020 ## - INTERNATIONAL STANDARD BOOK NUMBER
International Standard Book Number 1872423930
035 ## - SYSTEM CONTROL NUMBER
System control number (Sirsi) u76577
041 ## - LANGUAGE CODE
Language code of text/sound track or separate title eng
050 ## - LIBRARY OF CONGRESS CALL NUMBER
Classification number 306.1
100 ## - MAIN ENTRY--PERSONAL NAME
Personal name Freeman, A.J.M.
245 ## - TITLE STATEMENT
Title Is the UK different? International comparisons of tenure patterns.
260 ## - PUBLICATION, DISTRIBUTION, ETC.
Place of publication, distribution, etc. London
Name of publisher, distributor, etc. Council of Mortgage Lenders
Date of publication, distribution, etc. 1996
300 ## - PHYSICAL DESCRIPTION
Extent viii,138p. ; 30cm.
350 ## - PRICE (NR) (BK AM CF MU VM SE) [OBSOLETE]
Price 23
650 ## - SUBJECT ADDED ENTRY--TOPICAL TERM
Topical term or geographic name entry element HOUSING TENURE
650 ## - SUBJECT ADDED ENTRY--TOPICAL TERM
Topical term or geographic name entry element OWNER-OCCUPIERS
650 ## - SUBJECT ADDED ENTRY--TOPICAL TERM
Topical term or geographic name entry element TENURE PATTERNS
690 ## - LOCAL SUBJECT ADDED ENTRY--TOPICAL TERM (OCLC, RLIN)
Topical term or geographic name as entry element HOUSING
700 ## - ADDED ENTRY--PERSONAL NAME
Personal name Holmans, A.E.
700 ## - ADDED ENTRY--PERSONAL NAME
Personal name Whitehead, C.M.E.
710 ## - ADDED ENTRY--CORPORATE NAME
Corporate name or jurisdiction name as entry element Council of Mortgage Lenders
9 (RLIN) 5903
942 ## - ADDED ENTRY ELEMENTS (KOHA)
Suppress in OPAC 0
948 ## - LOCAL PROCESSING INFORMATION (OCLC); SERIES PART DESIGNATOR (RLIN)
c (OCLC) 04/03/1997
Holdings
Withdrawn status Lost status Source of classification or shelving scheme Damaged status Not for loan Home library Current library Shelving location Date acquired Cost, normal purchase price Total Checkouts Full call number Barcode Date last seen Date last checked out Copy number Cost, replacement price Price effective from Koha item type
    Dewey Decimal Classification     London London Folio 21/02/1997 23.00 2 F306.1 30052138 06/08/2019 20/11/2001 1 23.00 06/08/2019 Book